A history of economic doctrines (Record no. 1417)

MARC details
000 -LEADER
fixed length control field 00536cam a2200205ua 4500
008 - FIXED-LENGTH DATA ELEMENTS--GENERAL INFORMATION
fixed length control field 110711n ii |||gr||||Z||||||eng
040 ## - CATALOGING SOURCE
Transcribing agency MAIN
082 ## - DEWEY DECIMAL CLASSIFICATION NUMBER
Classification number 330.9
100 1# - MAIN ENTRY--PERSONAL NAME
Personal name by Gide, Charles,
Relator term
245 1# - TITLE STATEMENT
Title A history of economic doctrines
Statement of responsibility, etc. by Charles Gide
250 ## - EDITION STATEMENT
Edition statement 3rd.
260 ## - PUBLICATION, DISTRIBUTION, ETC.
Place of publication, distribution, etc. Delhi:
Name of publisher, distributor, etc. Oxford University press,983.
300 ## - PHYSICAL DESCRIPTION
Extent 800p:
Dimensions 23cm.
700 ## - ADDED ENTRY--PERSONAL NAME
Personal name Rist, Charles,
Relator term
700 ## - ADDED ENTRY--PERSONAL NAME
Personal name Richards, R.,
Relator term
942 ## - ADDED ENTRY ELEMENTS (KOHA)
Koha item type Books
653 ## - INDEX TERM--UNCONTROLLED
Uncontrolled term Economics
653 ## - INDEX TERM--UNCONTROLLED
Uncontrolled term History of economics
Holdings
Withdrawn status Lost status Damaged status Not for loan Home library Current library Shelving location Date acquired Total Checkouts Full call number Barcode Date last seen Copy number Price effective from Koha item type
        Central Library, Naharkatiya College Central Library, Naharkatiya College General Stacks 19/09/2020   330.9 | RIC 1874 19/09/2020 1 19/09/2020 Books

Naharkatiya College © 2020. All rights reserved.

Powered By